OBE : Observatori de l'Esperança / Observatori de l'Esperança /
ISBN:
9788496409989
Descripción Física:
179 pagines ; 19 cm
Materias:
Assessorament psicològic per telèfon.
Idioma:
Catalán
MARC
| LEADER | 00000nam a22000004i 4500 | ||
|---|---|---|---|
| 001 | 25174 | ||
| 003 | Arxiu | ||
| 005 | 20260324180726.0 | ||
| 008 | 211110s2021 spc|||| |||||-|| - cat|c | ||
| 017 | |a B-11639-2021 |b biblioteca de Catalunya | ||
| 020 | |a 9788496409989 | ||
| 040 | |a ES-BaURL |b cat |e rda |c ES-BaURL | ||
| 245 | 1 | 0 | |a OBE : |b Observatori de l'Esperança / |c Equip de l'OBE 2020: Sergi Garcia, Joana Homs, Clara Campaña, Albert Canudas |
| 264 | 1 | |a Barcelona : |b Fundació Ajuda i Esperança , |c 2021 | |
| 300 | |a 179 pagines ; |c 19 cm | ||
| 336 | |a text |b txt |2 rdacontent | ||
| 337 | |a sense mediació |b n |2 rdamedia | ||
| 338 | |a volum |b nc |2 rdacarrier | ||
| 650 | 7 | |a Assessorament psicològic per telèfon. |2 lemac | |
| 700 | 1 | |a García, Sergi, |e autor | |
| 700 | 1 | |a Homs, Joana , |e autor | |
| 700 | 1 | |a Campaña, Clara , |e autor | |
| 700 | 1 | |a Canudas, Albert , |e autor | |
| 908 | |a URL | ||
| 940 | |a URL | ||
| 942 | |2 udc |c ARXIU |n 1 | ||
| 952 | |0 0 |1 0 |4 0 |6 BIB446 |7 1 |9 61019 |a Arxiu |b Arxiu |d 2022-02-22 |l 0 |o Bib-446 |p 25174 |r 2022-02-22 00:00:00 |w 2022-02-22 |y ARXIU | ||
| 999 | |c 81143 |d 81143 | ||